000
00280nam a22001217a 4500
008
180308b xxu||||| |||| 00| 0 eng d
041
_a
eng
080
_2
3rd
_a
330.322
100
_a
51
101
_a
BIZ
245
_a
Sample materials not for resale
_c
Gitman,L,J
942
_2
udc
_c
BK
999
_c
44463
_d
44463